000 00795nam a2200277 i 4500
001 C2-0327257
003 PPAK
005 20180728124926.0
008 140603s2014 my a|||| ||||| | eng d
020 _a9789835966835
040 _aPPAK
_beng
_cPPAK
_erda
082 0 4 _a428.2076
_223
090 0 0 _a428.2076
_bKHA
_dRK
100 0 _aKhadija Tifla,
_eauthor
245 1 0 _aEnglish UPSR 4.5.6
264 1 _aPetaling Jaya, Selangor :
_bSasbadi Sdn. Bhd. ,
_c2014
300 _axii, 180 pages :
_billustrations ;
_c21 cm
336 _2rdacontent
_atext
337 _2rdamedia
_aunmediated
338 _2rdacarrier
_avolume
490 1 _aTarget tuntas UPSR
650 1 0 _aEnglish language - Problems, exercises, etc.
700 _eauthor
830 0 _aTarget tuntas UPSR
942 _ddc
_cB
999 _c126822
_d126822